00764nam a2200205 a 450000100100000000500170001000800410002702000150006804000250008308200150010824000370012324501090016026000380026930000350030749000200034270000390036283000270040195201130042899900170054100003607120200930074842.0111125s1978 sp ac 000 0 spa d a8425207266 aDO-SdBNPbspacBNPHU axxxxbR45410aRevue d´Esthétiquelespañol00aRevue d´Esthétique :bLa práctica de la pintura /cversión castellana Francesc Serra i Cantarell. aBarcelona :bGustavo Gili,c1978. a211p. :bil., retrs. ;c21 cm.1 aPunto y línea1 aSerra i Cantarell, Francesc962103 0aPunto y línea948287 001050718MOaGRbGRcCTd2011-11-25iLF1l0oxxxx R454p36071-10r2020-06-25w2020-06-25y1ZNo se presta c35562d35562